| 000 | 00402nam a2200145Ia 4500 | ||
|---|---|---|---|
| 008 | 170224s9999 xx 000 0 und d | ||
| 100 | _aKarin Barac | ||
| 245 | _aHelping Disadvantaged Students: Findings from the Thuthuka Programme | ||
| 245 | _cKarin Barac | ||
| 260 | _bAccounting Education | ||
| 260 | _c2015 | ||
| 300 | _a24:2, Pages: 75-101 | ||
| 650 | _xAccountancy | ||
| 650 | _xAccounting | ||
| 999 |
_c316132 _d316132 |
||